Teoría estética / (Record no. 20891)

MARC details
000 -LEADER
campo de control de longitud fija 00893nam a2200265 i 4500
001 - NÚMERO DE CONTROL
campo de control 20891
003 - IDENTIFICADOR DE NÚMERO DE CONTROL
campo de control ES-MaACL
005 - FECHA Y HORA DE LA ÚLTIMA TRANSACCIÓN
campo de control 20250816062544.0
007 - CAMPO FIJO DE DESCRIPCIÓN FÍSICA--INFORMACIÓN GENERAL
campo de control de longitud fija t|
008 - DATOS DE LONGITUD FIJA--INFORMACIÓN GENERAL
campo de control de longitud fija 021119s1980 sp ||||1| spa d
100 1# - ENTRADA PRINCIPAL--NOMBRE DE PERSONA
Nombre de persona Adorno, Theodor W.
9 (RLIN) 18468
245 10 - MENCIÓN DEL TÍTULO
Título Teoría estética /
Mención de responsabilidad, etc. Theodor W. Adorno ; versión de Fernando Riaza ; revisada por Francisco Pérez Gutiérrez ; [edición a cargo de Gretel Adorno y Rolf Tiedermann.
260 ## - PUBLICACIÓN, DISTRIBUCIÓN, ETC.
Lugar de publicación, distribución, etc. [Madrid] :
Nombre del editor, distribuidor, etc. Taurus,
Fecha de publicación, distribución, etc. [1980]
300 ## - DESCRIPCIÓN FÍSICA
Extensión 480 p. ;
Dimensiones 21 cm.
490 1# - MENCIÓN DE SERIE
Mención de serie Ensayistas
650 #7 - PUNTO DE ACCESO ADICIONAL DE MATERIA--TÉRMINO DE MATERIA
Término de materia o nombre geográfico como elemento de entrada Estética
Fuente del encabezamiento o término embne
9 (RLIN) 142387
700 1# - ENTRADA AGREGADA--NOMBRE PERSONAL
Nombre de persona Riaza, Fernando.
9 (RLIN) 96689
700 1# - ENTRADA AGREGADA--NOMBRE PERSONAL
Nombre de persona Pérez Gutiérrez, Francisco.
9 (RLIN) 90927
700 1# - ENTRADA AGREGADA--NOMBRE PERSONAL
Nombre de persona Adorno, Gretel.
9 (RLIN) 18467
700 1# - ENTRADA AGREGADA--NOMBRE PERSONAL
Nombre de persona Tiedermann, Rolf.
9 (RLIN) 110228
830 0# - PUNTO DE ACCESO ADICIONAL DE SERIE-TÍTULO UNIFORME
Título uniforme Ensayistas
9 (RLIN) 177257
852 ## - LOCALIZACIÓN
Ubicación ES-MaACL
Número de control de estantería C-48803
Sublocalización o colección R.100641
852 ## - LOCALIZACIÓN
Ubicación ES-MaACL
Número de control de estantería L-456
Sublocalización o colección R.101019
Holdings
Estatus retirado Estado de pérdida Estado de daño No para préstamo Biblioteca de origen Biblioteca actual Ubicación en estantería Fecha de adquisición Fuente de adquisición Total de préstamos Signatura topográfica completa Código de barras Visto por última vez Precio de reemplazo Tipo de ítem Koha
        Biblioteca del Ateneo de Madrid Biblioteca del Ateneo de Madrid Depósito 2 17/01/2008     L-456 1021455 23/02/2023 23/02/2023 Libro impreso
        Biblioteca del Ateneo de Madrid Biblioteca del Ateneo de Madrid Depósito 2 17/01/2008     C-48803 1021454 23/02/2023 23/02/2023 Libro impreso